Việc thực hiện chế độ phụ cấp độc hại tại các thư viện ở Việt Nam và một số ý kiến đề xuất /

Spremljeno u:
Bibliografski detalji
Glavni autor: Vũ Dương Thuý Ngà.
Format: Članak
Jezik:Vietnamese
Teme:
Oznake: Dodaj oznaku
Bez oznaka, Budi prvi tko označuje ovaj zapis!
Thư viện lưu trữ: Thư viện Trường Đại học Đà Lạt
LEADER 00842nam a2200265 4500
001 DLU180189121
005 ##20181220
040 # # |a DLU  |b vie 
041 # # |a vie 
044 # # |a vn 
100 # # |a Vũ Dương Thuý Ngà. 
245 # # |a Việc thực hiện chế độ phụ cấp độc hại tại các thư viện ở Việt Nam và một số ý kiến đề xuất /  |c Vũ Dương Thuý Ngà. 
653 # # |a Chế độ chính sách 
653 # # |a Phụ cấp 
653 # # |a Thư viện 
773 # # |t Thư viện Việt Nam  |g Số 4(48), 2014, tr. 3-6 
920 # # |a Phòng Tạp chí -- Trung tâm Thông tin - Thư viện Trường Đại học Đà Lạt 
994 # # |a DLU 
900 # # |a True 
911 # # |a Nguyễn Thị Thu Phương 
925 # # |a G 
926 # # |a A 
927 # # |a BB 
980 # # |a Thư viện Trường Đại học Đà Lạt